Logo BPK

Biblioteka

Politechniki Koszalińskiej

Hermeneutyka i język / (Rekord nr 45563)

Szczegóły MARC
000 -ETYKIETA REKORDU
podpole kontrolne o stałej długości 01054nam a2200265 i 4500
001 - NUMER KONTROLNY REKORDU
pole kontrolne bg
003 - IDENTYFIKATOR NUMERU KONTROLNEGO REKORDU
podpole kontrolne BPK
005 - DATA OSTATNIEJ MODYFIKACJI REKORDU
podpole kontrolne 20210816091137.0
008 - POLE O STAŁEJ DŁUGOŚCI - DANE KONTROLNE
podpole kontrolne o stałej długości s1996 pl f |000 0 pol
020 ## - MIĘDZYNARODOWY ZNORMALIZOWANY NUMER KSIĄŻKI - ISBN
ISBN 837092008X
040 ## - ŹRÓDŁO KATALOGOWANIA
Instytucja, która utworzyła rekord BPK
041 1# - KOD JĘZYKA
Kod języka tekstu pol
Kod języka oryginału ger
080 ## - UNIWERSALNA KLASYFIKACJA DZIESIĘTNA - UKD
UKD 165
080 ## - UNIWERSALNA KLASYFIKACJA DZIESIĘTNA - UKD
UKD 801.7
100 1# - NAZWA OSOBOWA
Nazwa osobowa Funke, Gerhard.
245 10 - TYTUŁ/ODPOWIEDZIALNOŚĆ
Tytuł Hermeneutyka i język /
Pozostałe elementy strefy tytułu i oznaczenia odpowiedzialności Gerhard Funke ; wyboru dokonał, przełożył i wstępem poprzedził Bolesław Andrzejewski ; Uniwersytet im. Adama Mickiewicza w Poznaniu. Wydawnictwo Naukowe Instytutu Filozofii.
260 ## - STREFA ADRESU WYDAWNICZEGO
Miejsce wydania Poznań :
Nazwa wydawcy/dystrybutora Wydaw. Naukowe IF UAM,
Data publikacji, dystrybucji/powstania dokumentu 1996.
300 ## - STREFA OPISU FIZYCZNEGO
Objętość 136 s. ;
Rozmiary 21 cm.
500 ## - UWAGI OGÓLNE
Tekst uwagi U góry s. tyt. nr kolejny wydaw.: t. 17. - Tekst tł. z niem.
650 #4 - HASŁO PRZEDMIOTOWE W FORMIE NAZWY OGÓLNEJ LUB JEDNOSTKOWEJ
Nazwa ogólna lub geograficzna Hermeneutyka
710 #0 - HASŁO DODATKOWE - NAZWA CIAŁA ZBIOROWEGO
Nazwa ciała zbiorowego lub jednostki geograficznej Uniwersytet im. Adama Mickiewicza (Poznań).
Nazwa jednostki podrzędnej Instytut Filozofii.
-- Wydawnictwo.
Kod określenia powiązania pbl.
700 1# - HASŁO DODATKOWE - NAZWA OSOBOWA
Nazwa osobowa Andrzejewski, Bolesław
Daty związane z nazwą (1946- )
Określenie związku między hasłem a opisywanym materiałem Wybór
856 ## - LOKALIZACJA I DOSTĘP DO ELEKTRONICZNYCH DOKUMENTÓW ZDALNYCH
Link (URL) http://koha.tu.koszalin.pl/cgi-bin/koha/opac-detail.pl?biblionumber=45563
Tekst linku Katalog online BPK
942 ## - DODATKOWE ELEMENTY (KOHA)
Typ dokumentu Książka
Schemat klasyfikacji Uniwersalna Klasyfikacja Dziesiętna
Egzemplarze
Wycofany Status egzemplarza Uszkodzony Dostępność Lokalizacja stała Lokalizacja bieżąca Miejsce przechowywania Sygnatura Kod kreskowy Typ dokumentu
      Tylko na miejscu Biblioteka Politechniki Koszalińskiej Biblioteka Politechniki Koszalińskiej Czytelnia Wydziałowa ul. Kwiatkowskiego 6e 74507 02246352 Książka
© 2023 Biblioteka Politechniki Koszalińskiej :: KOHA